History Quiz

Random History Quiz
Score 0/91 Timer 10:00
0 Plays Today
Term Senator % Correct
2013-Deborah O'Neill
83.3%
2014-Jacqui Lambie
83.3%
2014-Linda Reynolds
83.3%
2014-Janet Rice
83.3%
2015-Katy Gallagher
83.3%
1995-2008Natasha Stott Despoja
81.3%
2002-Penny Wong
81.3%
2008-Sarah Hanson-Young
81.3%
2011-Lee Rhiannon
81.3%
2011-Larissa Waters
75%
2011-2015Penny Wright
75%
1996-2015Kate Lundy
68.8%
2002-2008Kerry Nettle
68.8%
2005-2015Christine Milne
68.8%
2015-Jenny McAllister
66.7%
1990-2005Meg Lees
62.5%
2013-Nova Peris
62.5%
1990-1997Cheryl Kernot
56.3%
1995-2005; 2008-Jacinta Collins
56.3%
2005-Rachel Siewert
56.3%
2008-2014Helen Kroger
56.3%
1996-2008Lyn Allison
50%
1996-2011Helen Coonan
50%
2011-Lisa Singh
50%
2015-Joanna Lindgren
50%
1977-1978; 1981-1990Janine Haines
43.8%
1987-1994Bronwyn Bishop
43.8%
1997-Marise Payne
43.8%
2008-Michaelia Cash
43.8%
2008-2014Louise Pratt
43.8%
2011-Bridget McKenzie
43.8%
Term Senator % Correct
1975-1988Susan Ryan
37.5%
1983-1999Margaret Reynolds
37.5%
1984-2007Amanda Vanstone
37.5%
1994-1998Belinda Neal
37.5%
2002-Claire Moore
37.5%
2005-Helen Polley
37.5%
2005-Carol Brown
37.5%
2012-Anne Ruston
37.5%
2013-Sue Lines
37.5%
1999-Jan McLucas
31.3%
1981-1993Florence Bjelke-Petersen
31.3%
2005-Fiona Nash
31.3%
2007-2012Mary Jo Fisher
31.3%
2011-Anne Urquhart
31.3%
1943-1968Dame Dorothy Tangney
25%
1985-1992Jo Vallentine
25%
1992-1996Christabel Chamarette
25%
1993-1999Dee Margetts
25%
1998-2013Trish Crossin
25%
2002-2014Ursula Stephens
25%
2005-Concetta Fierravanti-Wells
25%
2005-Anne McEwen
25%
2008-Catryna Bilyk
25%
1986-1993Janet Powell
18.8%
2005-2012Judith Adams
18.8%
2005-2011Annette Hurley
18.8%
2005-2011Dana Wortley
18.8%
2012-2014Lin Thorp
18.8%
1947-1971Dame Annabelle Rankin
12.5%
1950-1962Agnes Robertson
12.5%
1971-1987Dame Margaret Guilfoyle
12.5%
Term Senator % Correct
1981-2003Margaret Reid
12.5%
1987; 1990-2002Sue West
12.5%
1987-1990Jean Jenkins
12.5%
1987-2008Kay Patterson
12.5%
1990-2002Vicki Bourne
12.5%
1991-1993Karin Sowada
12.5%
1993-2005Kay Denman
12.5%
2007-2014Sue Boyce
12.5%
1950-1971Dame Ivy Wedgwood
6.3%
1955-1965; 1968-1974Dame Nancy Buttfield
6.3%
1962-1968Marie Breen
6.3%
1974-1987Ruth Coleman
6.3%
1974-1981Jean Melzer
6.3%
1974-1984Kathy Martin
6.3%
1980-1985Jean Hearn
6.3%
1983-2002Rosemary Crowley
6.3%
1983-1995Olive Zakharov
6.3%
1984-2005Susan Knowles
6.3%
1986-2002Jocelyn Newman
6.3%
1988-1990Irina Dunn
6.3%
1993-2011Judith Troeth
6.3%
1996-2005Sue Mackay
6.3%
1996-2007Jeannie Ferris
6.3%
1996-2002Brenda Gibbs
6.3%
1997-1999Karen Synon
6.3%
2002-2008Linda Kirk
6.3%
2002-2008Ruth Webber
6.3%
1975-1993Shirley Walters
0%
1981-1993Patricia Giles
0%

You're not logged in!

Compare scores with friends on all Sporcle quizzes.
OR
Log In

Sporcle TV

Today on Sporcle TV


Watch our educational content, quiz creation guides, and fun videos on Sporcle TV.

Show Comments

Extras

Top Quizzes Today


Score Distribution

Paid Content

Your Account Isn't Verified!

In order to create a playlist on Sporcle, you need to verify the email address you used during registration. Go to your Sporcle Settings to finish the process.

Report this User

Report this user for behavior that violates our Community Guidelines.

Details: